[Event "EU-chT U18 8th"]
[Site "Szeged"]
[Date "2008.06.20"]
[Round "6"]
[White "Pap, Gyula"]
[Black "Panocki, Adrian"]
[Result "1-0"]
[WhiteElo "2451"]
[BlackElo "2270"]
[PlyCount "91"]
[EventDate "2008.06.14"]
[EventType "team-swiss"]
[EventRounds "7"]
[EventCountry "HUN"]
[SourceTitle "EXT 2020"]
[Source "ChessBase"]
[SourceDate "2019.10.17"]
[SourceVersion "1"]
[SourceVersionDate "2019.10.17"]
[SourceQuality "1"]
[WhiteTeam "Hungary U18"]
[BlackTeam "Poland U18"]
[WhiteTeamCountry "HUN"]
[BlackTeamCountry "POL"]

1. c4 Nf6 2. Nf3 g6 3. Nc3 c5 4. d4 cxd4 5. Nxd4 Bg7 6. g3 0-0 7. Bg2 Nc6 8. 0-0 Qb6 9. Nb3 d6 10. Be3 Qd8 11. Rc1 Be6 12. c5 d5 13. Nd4 Bc8 14. Nxc6 bxc6 15. Bd4 Qc7 16. f4 Bf5 17. h3 Rad8 18. Qa4 Ne8 19. g4 Bc8 20. e4 dxe4 21. Bxg7 Nxg7 22. Qxe4 Ba6 23. Rfe1 Rd2 24. Qxe7 Qxf4 25. Ne4 Re8 26. Qxe8+ Nxe8 27. Nxd2 Nc7 28. Ne4 Nd5 29. Rc2 Kg7 30. g5 Bd3 31. Rf2 Qe5 32. Rxf7+ Kxf7 33. Nd6+ Ke6 34. Kf2 Qxe1+ 35. Kxe1 Nf4 36. Bxc6 Nxh3 37. Bg2 Nxg5 38. Kd2 Bb1 39. a4 a5 40. b4 Kd7 41. bxa5 Kc7 42. a6 Kb8 43. Ke3 Ka7 44. Bb7 Ne6 45. Nb5+ Kb8 46. c6 1-0

[Event "EU-chT U18 8th"]
[Site "Szeged"]
[Date "2008.06.17"]
[Round "4"]
[White "Gergacz, Attila"]
[Black "Panocki, Adrian"]
[Result "1/2-1/2"]
[WhiteElo "2287"]
[BlackElo "2270"]
[PlyCount "103"]
[EventDate "2008.06.14"]
[EventType "team-swiss"]
[EventRounds "7"]
[EventCountry "HUN"]
[SourceTitle "EXT 2020"]
[Source "ChessBase"]
[SourceDate "2019.10.17"]
[SourceVersion "1"]
[SourceVersionDate "2019.10.17"]
[SourceQuality "1"]
[WhiteTeam "Hungary U18 II"]
[BlackTeam "Poland U18"]
[WhiteTeamCountry "HUN"]
[BlackTeamCountry "POL"]

1. e4 c5 2. Nf3 d6 3. Bb5+ Bd7 4. Bxd7+ Qxd7 5. 0-0 Nf6 6. Re1 Nc6 7. d4 cxd4 8. Nxd4 g6 9. Nxc6 bxc6 10. b3 Bg7 11. Bb2 0-0 12. Nd2 Rfd8 13. Qe2 Qg4 14. Nf3 Nh5 15. Bxg7 Nf4 16. Qf1 Kxg7 17. Nd4 c5 18. Nb5 a5 19. f3 Qg5 20. c4 a4 21. g3 axb3 22. axb3 h5 23. Kh1 Ne6 24. f4 Qg4 25. Kg2 h4 26. Qf3 Qxf3+ 27. Kxf3 hxg3 28. hxg3 Rh8 29. f5 Ng5+ 30. Kf4 f6 31. Nc7 Rxa1 32. Rxa1 gxf5 33. exf5 Rh2 34. Re1 Kf7 35. Nd5 e5+ 36. fxe6+ Nxe6+ 37. Kg4 Rf2 38. Nf4 Nd4 39. Ra1 f5+ 40. Kg5 Rf3 41. Ra7+ Ke8 42. Kf6 Rxg3 43. Ne6 Nxe6 44. Kxe6 Re3+ 45. Kxd6 Rc3 46. Re7+ Kf8 47. Re5 Rf3 48. Ke6 f4 49. Rf5+ Kg7 50. Ke5 Kg6 51. Rxf4 Rxf4 52. Kxf4 1/2-1/2

[Event "EU-chT U18 8th"]
[Site "Szeged"]
[Date "2008.06.14"]
[Round "1"]
[White "Rozic, Samo"]
[Black "Panocki, Adrian"]
[Result "0-1"]
[WhiteElo "1899"]
[BlackElo "2270"]
[PlyCount "58"]
[EventDate "2008.06.14"]
[EventType "team-swiss"]
[EventRounds "7"]
[EventCountry "HUN"]
[SourceTitle "EXT 2020"]
[Source "ChessBase"]
[SourceDate "2019.10.17"]
[SourceVersion "1"]
[SourceVersionDate "2019.10.17"]
[SourceQuality "1"]
[WhiteTeam "Slovenia U18"]
[BlackTeam "Poland U18"]
[WhiteTeamCountry "SLO"]
[BlackTeamCountry "POL"]

1. e4 c5 2. Nc3 d6 3. g3 g6 4. Bg2 Bg7 5. d3 Nc6 6. Be3 Rb8 7. Qd2 b5 8. Nge2 b4 9. Nd1 Nd4 10. 0-0 Nxe2+ 11. Qxe2 Nf6 12. h3 0-0 13. f4 Nd7 14. f5 Ne5 15. g4 e6 16. Qd2 exf5 17. gxf5 gxf5 18. exf5 Kh8 19. Bf4 Rg8 20. Ne3 Qh4 21. Qf2 Qh5 22. Bg3 Bb7 23. f6 Bh6 24. Nf5 Qxf5 25. Qxf5 Rxg3 26. Rf2 Rbg8 27. Kf1 Bxg2+ 28. Ke1 Re3+ 29. Kd1 Bf3+ 0-1

[Event "POL-ch U18"]
[Site "Leba"]
[Date "2008.04.04"]
[Round "9"]
[White "Panocki, Adrian"]
[Black "Wojciechowski, Piotr"]
[Result "1-0"]
[WhiteElo "2248"]
[BlackElo "2211"]
[PlyCount "143"]
[EventDate "2008.03.29"]
[EventType "swiss"]
[EventRounds "11"]
[EventCountry "POL"]
[SourceTitle "CBM 123 Extra"]
[Source "ChessBase"]
[SourceDate "2008.05.06"]
[SourceVersion "1"]
[SourceVersionDate "2008.05.06"]
[SourceQuality "1"]

1. e4 c5 2. Nf3 d6 3. d4 cxd4 4. Nxd4 Nf6 5. Nc3 Nc6 6. Bg5 e6 7. Qd2 a6 8. 0-0-0 Bd7 9. f3 Rc8 10. Nxc6 Bxc6 11. g4 Be7 12. h4 Qa5 13. Kb1 0-0 14. Nd5 Qd8 15. Nxe7+ Qxe7 16. Qxd6 Qxd6 17. Rxd6 Rfd8 18. Rxd8+ Rxd8 19. Be2 h6 20. Be3 Ne8 21. Rd1 Rxd1+ 22. Bxd1 f5 23. exf5 exf5 24. g5 hxg5 25. hxg5 Kf7 26. c4 Nc7 27. f4 Be4+ 28. Kc1 Ne6 29. Kd2 Ke7 30. b4 Kd6 31. Kc3 Kc6 32. Bh5 Kd6 33. a4 Bg2 34. Be2 a5 35. bxa5 Bc6 36. Kb4 Nc7 37. Bc5+ Ke6 38. Bd4 Na6+ 39. Kc3 g6 40. Bd1 Be4 41. Bb3 Nb8 42. Kb4 Nc6+ 43. Kc5 Nxa5 44. Ba2 Nc6 45. Bc3 Nb8 46. Kb6 Nd7+ 47. Kc7 Nc5 48. a5 Bf3 49. Bd2 Be4 50. Be3 Na6+ 51. Kb6 Nb4 52. Bb3 Bc6 53. Bd2 Na6 54. c5+ Kd7 55. Bf7 Nc7 56. Bxg6 Nd5+ 57. Ka7 Ne7 58. Bf7 Kc7 59. Be6 Be4 60. Bc3 Nc6+ 61. Ka8 Nd8 62. Be5+ Kc6 63. Bb3 Kxc5 64. Kb8 Nc6+ 65. Kc7 Nxe5 66. fxe5 f4 67. e6 f3 68. e7 Bg6 69. Bd1 f2 70. Be2 Kd4 71. Kd8 Ke3 72. Bf1 1-0